000 00366nam a2200133Ia 4500
005 20260326235453.0
008 260326s9999||||xx |||||||||||||| ||und||
100 _aPortoghesi, Paolo
245 0 _aPostModern :
_b The Architecture of postIndustrial society /
_cPaolo Portoghesi
260 _bRizzoli
300 _a153 p.
650 _aARQUITECTURA MODERNA
942 _cBK
999 _c7830
_d7830